Suid-Afrikaanse tydskrif vir natuurwetenskap en tegnologie

Detalles Bibliográficos
Título anterior:Tydskrif vir Natuurwetenskappe
Autor Corporativo: Suid-Afrikaanse Akademie vir Wetenskap en Kuns
Formato: Electrónico Revista
Lenguaje:afrikáans
inglés
Publicado: [Pretoria] : Suid-Afrikaanse Akademie vir Wetenskap en Kuns
Materias:
Acceso en línea:Full text available from Research Library: 01/01/2012 to present

MARC

LEADER 00000nas a2200000 i 4500
001 ssj0027148
003 WaSeSS
005 20200512172242.0
006 m d
007 cr n
008 070228c19829999sa qr p s 0 b0afr c
010 |a  2018247616 
015 |a 010194304  |2 dnb 
016 7 |a 13167-2  |2 DE-600 
016 7 |a 010506454  |2 Uk 
016 7 |a 010194304  |2 DE-101 
016 7 |a 131672  |2 DE-600 
022 |a 2222-4173  |l 0254-3486  |y 0254-3486 
030 |a SATTDF 
035 |a (WaSeSS)ssj0027148 
040 |a OCLCS  |b eng  |e pn  |c OCLCS  |d OCLCS  |d TXJ  |d OCLCQ  |d OCLCF  |d OCLCO  |d OCLCQ  |d OCLCO  |d OCLCQ  |d UAB  |d SZT  |d VT2  |d P4A  |d OCLCA  |d ZAC  |d LND  |d U3W  |d REB  |d OCLCQ  |d MOW  |d AU@  |d SZT  |d COD  |d WaSeSS 
041 |a afr  |a eng 
042 |a pcc 
050 4 |a Q85 
082 0 4 |a 505  |b S948 
210 0 |a Suid-Afrik. tydskr. nat.wet. tegnol.  |b (Online) 
222 0 |a Suid-Afrikaanse tydskrif vir natuurwetenskap en tegnologie  |b (Online) 
245 0 0 |a Suid-Afrikaanse tydskrif vir natuurwetenskap en tegnologie  |h [electronic resource]. 
246 1 |a SATNT 
246 1 1 |a South African journal of science and technology 
246 3 0 |a Natuurwetenskap en Tegnologie 
260 |a [Pretoria] :  |b Suid-Afrikaanse Akademie vir Wetenskap en Kuns 
310 |a Quarterly 
362 1 |a Began in 1982? 
506 |a License restrictions may limit access. 
515 |a Some numbers combined. 
546 |a Articles in Afrikaans or English. 
588 |a Description based on print version record. 
588 |a Latest issue consulted: Vol 37 No 1 (2018) (publisher's website, viewed Nov. 13, 2018). 
650 0 |a Science  |v Periodicals. 
650 7 |a Science.  |2 fast  |0 (OCoLC)fst01108176 
650 1 7 |a Natuurwetenschappen.  |2 gtt 
650 1 7 |a Technologie.  |2 gtt 
653 |a African Journals 
655 0 |a Electronic journals. 
710 2 |a Suid-Afrikaanse Akademie vir Wetenskap en Kuns. 
740 0 |a African Journals.  |p Science Technology and Agriculture. 
776 0 8 |i Print version:  |t Suid-Afrikaanse tydskrif vir natuurwetenskap en tegnologie  |x 0254-3486  |w (DLC)sn 83008528  |w (OCoLC)9824372 
780 0 0 |t Tydskrif vir Natuurwetenskappe  |w (OCoLC)609581483 
856 4 0 |z Full text available from Research Library: 01/01/2012 to present  |u https://search.proquest.com/publication/1796347